Vivir Bien Con EPOC: (Record no. 23033)

000 -CABECERA
fixed length control field 00786nam a22002297i 4500
003 - IDENTIFICADOR DEL NÚMERO DE CONTROL
control field AR-CdUCM
008 - DATOS DE LONGITUD FIJA--INFORMACIÓN GENERAL
fixed length control field 240910b pe ||||| |||| 00| 0 Spa d
040 ## - FUENTE DE LA CATALOGACIÓN
Agencia/entidad que catalogó originalmente la obra MUNICIPALIDAD PROVINCIAL DEL CUSCO
Entidad que transcribió la catalogación BIBLIOTECA MUNICIPAL DEL CUSCO
082 ## - NÚMERO DE LA CLASIFICACIÓN DECIMAL DEWEY
No. de la edición Primera edición.
No. de Clasificación 616.6 /
Notacion interna CH11V
100 ## - ENTRADA PRINCIPAL--NOMBRE DE PERSONA
Nombre Personal Varios Autores.
245 ## - MENCIÓN DE TÍTULO
Título Vivir Bien Con EPOC:
Resto del título Consejos Prácticos. /
260 ## - PUBLICACIÓN, DISTRIBUCIÓN, ETC.
Lugar de publicación, distribución, etc. Cusco
Fecha de publicación, distribución, etc. 2019
300 ## - DESCRIPCIÓN FÍSICA
Nº de Páginas Extensión Paginas: 38 ;
Dimensiones 21.5 cm
505 ## - NOTA DE CONTENIDO CON FORMATO
Nota de contenido formateada Introducción -- Conocemos a la EPOC -- Consejos Prácticos -- Para los Cuidadores --
650 ## - PUNTO DE ACCESO ADICIONAL DE MATERIA--TÉRMINO DE MATERIA
Descriptor Salud
9 (RLIN) 8684
650 ## - PUNTO DE ACCESO ADICIONAL DE MATERIA--TÉRMINO DE MATERIA
Descriptor Consejos de Salud
9 (RLIN) 50337
650 ## - PUNTO DE ACCESO ADICIONAL DE MATERIA--TÉRMINO DE MATERIA
Descriptor Rehabilitación de la respiración
9 (RLIN) 50338
650 ## - PUNTO DE ACCESO ADICIONAL DE MATERIA--TÉRMINO DE MATERIA
Descriptor Control de emociones
9 (RLIN) 50339
942 ## - ELEMENTOS DE PUNTO DE ACCESO ADICIONAL (KOHA)
Fuente de clasificación
Tipo de item Libros-BMC
945 ## - PROCESAMIENTO DE INFORMACIÓN LOCAL (OCLC)
Catalogador pbj
AAAA-MM-DD - Fecha de ingreso o modificacion 2024-09-10

No items available.

Powered by Koha